| 000 | 00477nam a2200181Ia 4500 | ||
|---|---|---|---|
| 003 | GCL | ||
| 008 | 140319s9999 xx 000 0 eng d | ||
| 040 |
_aGCL / _cGCL |
||
| 082 | 0 | 4 |
_a956 _bL S |
| 100 | 1 | _aLEWIS, BERNARD | |
| 245 | 1 | 0 |
_aTHE SHAPING OF THE MODERN MIDDLE EAST / _cLEWIS, BERNARD |
| 260 |
_a[S.N] : _bOXFORD UNIVERSITY PRESS ، _c1994 |
||
| 300 | _a186 P | ||
| 650 | 0 | 4 | _aHISTORY |
| 650 | 0 | 4 | _aMIDDLE EAST |
| 650 | 0 | 4 | _aMIDDLE EAST - HISTORY |
| 942 |
_2ddc _cBK |
||
| 999 |
_c13986 _d13986 |
||